000 00564nam a2200193Ia 4500
005 20250522104525.0
008 008 250516s9999 xx 000 0 eng d
020 _a9780198903154
040 _aSDCL
_beng
_cSDCL
041 _aeng
_2eng
084 _aX:5381, R4
_qSDCL
100 _aSripati, Vijayashri
245 0 _aMaking globalization happen :
_bThe untold story of power, profits, privilege
260 _aNew York:
_bOxford University Press,
_c2024.
300 _axxviii,536p.
365 _aINR
_b1595
650 _aPolitical Science
942 _cTEXL
999 _c1430638
_d1430638